[Event "ICS rated standard match"]
[Site "204.178.125.65"]
[Date "2000.02.15"]
[Round "?"]
[White "Hossa"]
[Black "pully"]
[Result "0-1"]
[WhiteElo "2318"]
[BlackElo "1974"]
[PlyCount "166"]

1. e4 Nf6 2. e5 Nd5 3. d4 d6 4. Nf3 Bg4 5. Be2 c6 6. Ng5 Bf5 7. Bg4 Qd7 8. Bxf5
Qxf5 9. g4 Qg6 10. f4 e6 11. O-O dxe5 12. fxe5 Be7 13. Nxf7 O-O 14. Nd6 Nd7 15.
Rxf8+ Rxf8 16. Nxb7 Bh4 17. Nd6 Bf2+ 18. Kh1 Bxd4 19. Qxd4 Rf1+ 20. Kg2 Rxc1
21. Kg3 c5 22. Qe4 Qxe4 23. Nxe4 Nb4 24. a3 Nxc2 25. Ra2 Rxb1 26. b4 Nd4 27.
bxc5 Nxe5 28. Rd2 Rb3+ 29. Kg2 Nec6 30. Ra2 a5 31. a4 Re3 32. Nd6 Re2+ 33. Rxe2
Nxe2 34. Ne4 Ned4 35. Kf2 h6 36. Ke3 Kf7 37. Kd3 Nf3 38. h3 Ng1 39. Kc4 Nf3 40.
Kd3 e5 41. Kc4 Ke6 42. Nd6 Nfd4 43. h4 Nf3 44. h5 Nfd4 45. Ne4 Ne7 46. Nd6 Kf6
47. Ne4+ Ke6 48. Nd6 Kd7 49. Nb7 Ndc6 50. Nd6 Ng8 51. Nf5 Nf6 52. Kb5 Nxg4 53.
Nxg7 e4 54. Nf5 e3 55. Ng3 Nd4+ 56. Kb6 Ne5 57. Kxa5 Kc6 58. Kb4 e2 59. Nxe2
Nxe2 60. a5 Nf4 61. a6 Nxh5 62. Kc3 Nf7 63. Kd3 Nf6 64. a7 Kb7 65. Ke3 Kxa7 66.
Kf4 Kb7 67. Kf5 Nd5 68. Kg6 Kc6 69. Kf5 Kxc5 70. Kg4 Kd4 71. Kh4 Ke4 72. Kg3
Ne3 73. Kf2 Kf4 74. Ke1 Ne5 75. Kd2 h5 76. Kc1 h4 77. Kb2 h3 78. Kb3 h2 79. Kb4
h1=Q 80. Ka3 Qb1 81. Ka4 Nc6 82. Ka3 Nc2+ 83. Ka4 Qb4# 0-1

[Event "ICS rated blitz match"]
[Site "204.178.125.65"]
[Date "2000.02.15"]
[Round "?"]
[White "brutus"]
[Black "Hossa"]
[Result "0-1"]
[WhiteElo "2148"]
[BlackElo "2494"]
[PlyCount "34"]

1. e4 e5 2. Nf3 Nc6 3. Bb5 Nf6 4. Qe2 Bd6 5. c3 a6 6. Ba4 b5 7. Bb3 O-O 8. d3
a5 9. Nbd2 a4 10. Bc2 a3 11. b4 Be7 12. Nf1 d5 13. Ng3 d4 14. Bd2 dxc3 15. Bxc3
Bxb4 16. Bxb4 Nxb4 17. Nxe5 Qd4 0-1

[Event "ICS rated blitz match"]
[Site "204.178.125.65"]
[Date "2000.02.15"]
[Round "?"]
[White "Hossa"]
[Black "occam"]
[Result "1/2-1/2"]
[WhiteElo "2498"]
[BlackElo "2388"]
[PlyCount "110"]

1. e4 e6 2. d4 d5 3. Nc3 dxe4 4. Nxe4 Nc6 5. Nf3 Qd5 6. Bd3 Nf6 7. Nxf6+ gxf6
8. c4 Qd6 9. c5 Qd5 10. Qb3 Qxb3 11. axb3 e5 12. Be3 exd4 13. Nxd4 Nb4 14. Be4
c6 15. Nf5 Be6 16. O-O Na6 17. Nd6+ Bxd6 18. cxd6 Kd7 19. Rfd1 Bxb3 20. Rd2 h5
21. Bf3 Nb4 22. Bc5 Nd5 23. Ra3 Bc4 24. b3 Rae8 25. Ra1 Ba6 26. Bxd5 cxd5 27.
Rxd5 Re5 28. Rad1 Be2 29. Rxe5 fxe5 30. Re1 Rc8 31. Bxa7 Bd3 32. b4 Ra8 33. Bc5
Ra2 34. f3 f6 35. h3 Bb5 36. Rc1 Bc6 37. Rd1 Ba4 38. Rd3 Bb5 39. Re3 Ra6 40. f4
b6 41. fxe5 bxc5 42. bxc5 fxe5 43. Rxe5 h4 44. Rg5 Kc6 45. Kf2 Ra2+ 46. Kf3 Rc2
47. Kg4 Rxg2+ 48. Kxh4 Rxg5 49. Kxg5 Kxc5 50. Kf6 Kxd6 51. h4 Be8 52. Kg5 Ke6
53. Kh6 Kf5 54. Kg7 Kg4 55. Kh6 Kxh4 1/2-1/2

[Event "ICS rated blitz match"]
[Site "204.178.125.65"]
[Date "2000.02.15"]
[Round "?"]
[White "Hossa"]
[Black "HaraldLdahl"]
[Result "1-0"]
[WhiteElo "2501"]
[BlackElo "2160"]
[PlyCount "97"]

1. e4 Nf6 2. e5 Nd5 3. d4 d6 4. Nf3 Bg4 5. Be2 c6 6. Ng5 Bf5 7. Bg4 Qd7 8. Bxf5
Qxf5 9. g4 Qd7 10. exd6 exd6 11. O-O Be7 12. Re1 O-O 13. Qe2 Bxg5 14. Bxg5 h6
15. Bh4 Na6 16. Nc3 Nxc3 17. bxc3 Rfe8 18. Qf3 Nc7 19. c4 d5 20. cxd5 cxd5 21.
Re5 f6 22. Re3 Rxe3 23. fxe3 Re8 24. Rb1 Nb5 25. Rb3 Qc6 26. Bg3 Nc3 27. Ra3 a6
28. Be1 Ne4 29. c3 Qe6 30. Ra5 b5 31. Qf5 Qxf5 32. gxf5 Ra8 33. a4 bxa4 34.
Rxd5 a5 35. Rb5 Nd6 36. Rb2 Nxf5 37. Bf2 Nd6 38. Ra2 Nb5 39. c4 Nc3 40. Ra1 Rb8
41. Be1 Rb1 42. Rxb1 Nxb1 43. c5 Kf7 44. c6 Ke8 45. d5 a3 46. d6 a2 47. d7+ Kf7
48. c7 a1=Q 49. c8=Q 1-0

[Event "ICS rated blitz match"]
[Site "204.178.125.65"]
[Date "2000.02.15"]
[Round "?"]
[White "occam"]
[Black "Hossa"]
[Result "0-1"]
[WhiteElo "2362"]
[BlackElo "2505"]
[PlyCount "94"]

1. e4 e5 2. Nf3 Nc6 3. d4 exd4 4. Nxd4 Nf6 5. Nxc6 bxc6 6. Qe2 Bb4+ 7. c3 Bc5
8. e5 Nd5 9. b4 Bb6 10. Qg4 g6 11. a3 Qe7 12. Qe2 O-O 13. Ra2 Qe6 14. c4 Re8
15. cxd5 Qf5 16. Nc3 Rxe5 17. Be3 cxd5 18. a4 d4 19. Nd1 dxe3 20. fxe3 a5 21.
b5 Bb7 22. Rd2 Rae8 23. Rd3 Bc5 24. Qb2 Bxe3 25. Rxe3 Rxe3+ 26. Nxe3 Rxe3+ 27.
Be2 Bxg2 28. Rg1 Bf3 29. Rf1 Qe4 30. Rxf3 Qxf3 31. Qc2 Qg2 32. h4 Qg4 33. h5
Qxh5 34. Qd1 Qh4+ 35. Kf1 Rg3 36. Qd5 Qf4+ 37. Bf3 Rxf3+ 38. Qxf3 Qxf3+ 39. Ke1
Qe4+ 40. Kd2 Qxa4 41. b6 cxb6 42. Kc3 Qd1 43. Kc4 Qf3 44. Kd4 Kf8 45. Kc4 Ke7
46. Kd4 d5 47. Ke5 Qe4# 0-1

[Event "ICS rated standard match"]
[Site "204.178.125.65"]
[Date "2000.02.15"]
[Round "?"]
[White "Hossa"]
[Black "star"]
[Result "0-1"]
[WhiteElo "2291"]
[BlackElo "2515"]
[PlyCount "90"]

1. e4 c5 2. Nf3 d6 3. d4 cxd4 4. Nxd4 Nf6 5. Nc3 Nc6 6. Be3 e5 7. Nb3 Be6 8.
Bb5 a6 9. Be2 Be7 10. O-O O-O 11. f4 d5 12. exd5 Nxd5 13. Nxd5 Bxd5 14. fxe5
Nxe5 15. Rf5 Bf6 16. Nc5 Re8 17. c3 Bc6 18. Bd4 g6 19. Rf1 Qd5 20. Bf3 Nxf3+
21. Rxf3 Rad8 22. Nb3 Bg5 23. Qc2 Bb5 24. Na5 Re7 25. b4 Re4 26. Rf2 Rde8 27.
Qd1 Qe6 28. g3 b6 29. Nb3 Qd6 30. Rb1 Be2 31. Qc2 Qc6 32. Ra1 Bc4 33. Qd1 Re2
34. Rb1 R8e3 35. Ra1 Rxf2 36. Kxf2 Qe4 37. Nc1 Bd5 38. Bxe3 Bxe3+ 39. Ke1 Qh1+
40. Ke2 Qf3+ 41. Kd3 Qe4+ 42. Ke2 Bd4+ 43. Kd2 Qe3+ 44. Kc2 Qxc3+ 45. Kb1 Qb2#
0-1

[Event "ICS rated standard match"]
[Site "204.178.125.65"]
[Date "2000.02.16"]
[Round "?"]
[White "star"]
[Black "Hossa"]
[Result "1-0"]
[WhiteElo "2522"]
[BlackElo "2284"]
[PlyCount "113"]

1. e4 e5 2. Nf3 Nc6 3. Bb5 Nf6 4. d4 exd4 5. O-O Bc5 6. e5 Ng4 7. c3 dxc3 8.
Nxc3 O-O 9. Bg5 Be7 10. Bxe7 Qxe7 11. Nd5 Qd8 12. Re1 Re8 13. Rc1 a6 14. Bd3
Ra7 15. Qc2 g6 16. Qd2 d6 17. exd6 Rxe1+ 18. Rxe1 cxd6 19. Be4 f5 20. Bc2 Nge5
21. Nd4 Ra8 22. Bb3 Nxd4 23. Qxd4 Be6 24. f4 Qa5 25. Ne7+ Kf7 26. Bxe6+ Kxe6
27. b4 Qd8 28. Nd5 Qh4 29. g3 Kf7 30. Qa1 Nf3+ 31. Kf2 Qd8 32. Kxf3 Rc8 33.
Re7+ Qxe7 34. Nxe7 Kxe7 35. Qg7+ Ke6 36. Qxh7 Kf6 37. Qxb7 Rc3+ 38. Kg2 Rc2+
39. Kh3 Rxa2 40. Qd5 Rc2 41. Qxd6+ Kg7 42. Qxa6 Rc7 43. b5 Kh6 44. b6 Rc1 45.
Qa8 Kg7 46. Qa7+ Kf6 47. Kh4 Rh1 48. Qa2 Rd1 49. Qb2+ Ke6 50. Qb3+ Kd7 51.
Qxd1+ Kc6 52. Qb3 Kd6 53. b7 g5+ 54. fxg5 Kc5 55. b8=Q Kd4 56. Qd6+ Ke4 57.
Qbd3# 1-0

[Event "ICS rated standard match"]
[Site "204.178.125.65"]
[Date "2000.02.16"]
[Round "?"]
[White "Hossa"]
[Black "Pickax"]
[Result "1-0"]
[WhiteElo "2278"]
[BlackElo "2011"]
[PlyCount "63"]

1. e4 c5 2. Nf3 e6 3. d4 cxd4 4. Nxd4 Nf6 5. Nc3 d6 6. Be2 a6 7. O-O Be7 8. f4
Qc7 9. f5 e5 10. Nb3 b5 11. Bg5 Bb7 12. Bxf6 Bxf6 13. Nd5 Bxd5 14. Qxd5 Nc6 15.
a4 b4 16. Rad1 Be7 17. Rf2 O-O 18. g3 Rfd8 19. Bh5 Bg5 20. Rf3 Qa7+ 21. Kh1
Rac8 22. Rfd3 Be3 23. Qxf7+ Qxf7 24. Bxf7+ Kxf7 25. Rxe3 Ne7 26. Re2 d5 27.
exd5 Rxd5 28. Rxd5 Nxd5 29. Rxe5 Nb6 30. Rc5 Rxc5 31. Nxc5 Nc4 32. Nxa6 1-0

[Event "ICS rated blitz match"]
[Site "204.178.125.65"]
[Date "2000.02.16"]
[Round "?"]
[White "Bonin"]
[Black "Hossa"]
[Result "0-1"]
[WhiteElo "2262"]
[BlackElo "2518"]
[PlyCount "96"]

1. d4 d5 2. c4 e6 3. Nf3 Nf6 4. Nc3 Nc6 5. Bg5 dxc4 6. e3 h6 7. Bh4 g5 8. Bg3
Bb4 9. Bxc4 Ne4 10. Qc2 Nxg3 11. hxg3 h5 12. O-O-O Bxc3 13. Qxc3 Qf6 14. d5
Qxc3+ 15. bxc3 exd5 16. Bxd5 f6 17. Be4 Ne7 18. Nd4 c6 19. f3 Bd7 20. g4 h4 21.
Nf5 Bxf5 22. gxf5 Rd8 23. Rxd8+ Kxd8 24. Kc2 Kc7 25. c4 Nc8 26. c5 b6 27. cxb6+
axb6 28. Rd1 Nd6 29. Bd3 h3 30. g4 c5 31. Rh1 h2 32. f4 gxf4 33. exf4 Rh4 34.
g5 c4 35. Be2 Nxf5 36. gxf6 Nd4+ 37. Kd2 Nxe2 38. Kxe2 Rxf4 39. Rxh2 Rxf6 40.
a4 Kd6 41. Rh5 Re6+ 42. Kd2 Re5 43. Rh6+ Kc5 44. Kc3 Re3+ 45. Kc2 Ra3 46. Rh5+
Kc6 47. Rh6+ Kb7 48. Rh7+ Ka6 0-1

[Event "ICS rated blitz match"]
[Site "204.178.125.65"]
[Date "2000.02.16"]
[Round "?"]
[White "Hossa"]
[Black "star"]
[Result "0-1"]
[WhiteElo "2524"]
[BlackElo "2545"]
[PlyCount "110"]

1. e4 Nf6 2. e5 Nd5 3. d4 d6 4. Nf3 Bg4 5. Be2 c6 6. Ng5 Bxe2 7. Qxe2 dxe5 8.
dxe5 e6 9. O-O Be7 10. Nf3 b5 11. Rd1 O-O 12. g3 Nd7 13. c4 bxc4 14. Qxc4 Qc7
15. Bf4 Rab8 16. Qc2 Nxf4 17. gxf4 Rb4 18. Nd4 Qb6 19. Nxc6 Rxb2 20. Nxe7+ Kh8
21. Nc8 Rxc2 22. Nxb6 Nxb6 23. Na3 Rb2 24. Rdb1 Rd2 25. Nb5 Nd5 26. f5 Nf4 27.
Nxa7 Nh3+ 28. Kg2 Nxf2 29. fxe6 fxe6 30. Rf1 Rf4 31. Rfb1 h5 32. Rb8+ Kh7 33.
Rb3 Nd3+ 34. Kh1 Rh4 35. h3 Rxh3+ 36. Kg1 Rg3+ 37. Kh1 Nf2+ 38. Kh2 Ne4+ 39.
Kh1 h4 40. Rf1 Rxa2 41. Rbf3 Rgg2 42. Rh3 Ng3+ 43. Rxg3 Rh2+ 44. Kg1 hxg3 45.
Rf3 Rhc2 46. Nc6 g2 47. Kh2 Ra1 48. Rh3+ Kg8 49. Ne7+ Kf7 50. Rf3+ Kxe7 51. Kh3
Rh1+ 52. Kg4 g1=Q+ 53. Rg3 Qd4+ 54. Kg5 Qxe5+ 55. Kg4 Qf5# 0-1

[Event "ICS rated blitz match"]
[Site "204.178.125.65"]
[Date "2000.02.16"]
[Round "?"]
[White "star"]
[Black "Hossa"]
[Result "1/2-1/2"]
[WhiteElo "2560"]
[BlackElo "2509"]
[PlyCount "154"]

1. e4 e5 2. Nf3 Nc6 3. Nc3 Nf6 4. d4 exd4 5. Nxd4 Bb4 6. Nxc6 bxc6 7. Bd3 d5 8.
exd5 cxd5 9. O-O O-O 10. Bg5 c6 11. Qf3 Bd6 12. Bxf6 Qxf6 13. Qxf6 gxf6 14. Ne2
Rb8 15. b3 Re8 16. Rae1 Bd7 17. Nd4 Re5 18. c3 c5 19. Nf3 Re6 20. Rd1 Bc6 21.
Nh4 Be5 22. Rc1 Bf4 23. Rc2 Rbe8 24. g3 Bc7 25. Nf5 a5 26. Ne3 Re5 27. Be2 Bb6
28. Bf3 Ba8 29. Rd1 d4 30. Bxa8 dxe3 31. Bf3 Kg7 32. fxe3 Rxe3 33. Kg2 f5 34.
c4 Bc7 35. Rcd2 R3e5 36. Rd7 Bb8 37. Rb7 f4 38. Rdd7 Rf8 39. gxf4 Rf5 40. Rb5
Bxf4 41. Rxa5 Rg8 42. Bg4 Rg5 43. h3 h5 44. Kf3 Bc1 45. Be6 Re8 46. Ra6 Rg6 47.
Rxf7+ Kh6 48. Ke4 Rgxe6+ 49. Rxe6+ Rxe6+ 50. Kd5 Re3 51. Kxc5 Ba3+ 52. Kc6 Rxh3
53. Ra7 Bb2 54. b4 h4 55. Re7 Ba3 56. Re6+ Kg5 57. b5 Rc3 58. Kd5 Rg3 59. b6
Rg2 60. Re3 Bc1 61. Rb3 Bf4 62. c5 Rxa2 63. Kc6 Ra8 64. Kd7 Rh8 65. c6 Rh7+ 66.
Kd8 h3 67. Rb1 h2 68. c7 Be3 69. b7 Bb6 70. b8=Q Bxc7+ 71. Qxc7 Rxc7 72. Kxc7
Kf4 73. Kd6 Kg3 74. Re1 Kg2 75. Re2+ Kg1 76. Re1+ Kg2 77. Re2+ Kg1 1/2-1/2

[Event "ICS Rated blitz match"]
[Site "204.178.125.65"]
[Date "2000.02.16"]
[Round "?"]
[White "Hossa"]
[Black "star"]
[Result "0-1"]
[WhiteElo "2511"]
[BlackElo "2558"]
[PlyCount "76"]

1. e4 c5 2. Nf3 Nc6 3. d4 cxd4 4. Nxd4 e5 5. Nb5 d6 6. N1c3 a6 7. Na3 Nf6 8.
Bg5 Be7 9. Qd2 b5 10. Bxf6 Bxf6 11. Nd5 O-O 12. c4 Bg5 13. Qc3 b4 14. Nxb4 Nxb4
15. Qxb4 Rb8 16. Qc3 f5 17. exf5 Bxf5 18. c5 dxc5 19. Bxa6 Qd4 20. Rd1 Qe4+ 21.
Be2 Bh4 22. Rf1 Be6 23. g3 Bf6 24. f3 Qc6 25. b3 Ra8 26. Bb5 Qb6 27. Ba4 e4 28.
Qd2 Rad8 29. Qc1 Qb4+ 30. Kf2 Rxd1 31. Rxd1 Bd4+ 32. Kg2 exf3+ 33. Kh1 Bh3 34.
Qc2 f2 35. Qxh7+ Kxh7 36. Bb5 Qe1+ 37. Rxe1 fxe1=Q+ 38. Bf1 Rxf1# 0-1

[Event "ICS rated blitz match"]
[Site "204.178.125.65"]
[Date "2000.02.16"]
[Round "?"]
[White "star"]
[Black "Hossa"]
[Result "1-0"]
[WhiteElo "2572"]
[BlackElo "2497"]
[PlyCount "57"]

1. b3 e5 2. Bb2 Nc6 3. c4 Nf6 4. e3 d5 5. cxd5 Nxd5 6. Nc3 Be7 7. Nf3 O-O 8.
Nxd5 Qxd5 9. Bc4 Qd6 10. Qc2 Bf6 11. O-O e4 12. Bxf6 exf3 13. Bb2 fxg2 14. Kxg2
Qh6 15. Kh1 Qh3 16. Bd5 Nb4 17. Qc3 Qf3+ 18. Bxf3 f6 19. Qxb4 c6 20. Rg1 Rf7
21. Bh5 g6 22. Bxg6 Rg7 23. Bxh7+ Kf7 24. Rxg7+ Kxg7 25. Qe7+ Kh6 26. Qxf6+ Kh5
27. Bg6+ Kg4 28. f3+ Kh3 29. Qh8# 1-0

[Event "ICS rated blitz match"]
[Site "204.178.125.65"]
[Date "2000.02.16"]
[Round "?"]
[White "Hossa"]
[Black "star"]
[Result "0-1"]
[WhiteElo "2484"]
[BlackElo "2585"]
[PlyCount "98"]

1. e4 Nf6 2. e5 Nd5 3. d4 d6 4. Nf3 g6 5. Bc4 Nb6 6. Bb3 Bg7 7. a4 dxe5 8. a5
N6d7 9. Bxf7+ Kxf7 10. Ng5+ Kg8 11. Ne6 Qe8 12. Nxc7 Qf7 13. d5 b5 14. Nxa8 Na6
15. Ra3 e4 16. Qd2 Bb7 17. Qe3 Qxd5 18. Qxa7 Nb4 19. Nb6 Nxc2+ 20. Ke2 Nxb6 21.
Qxb6 Qc4+ 22. Kd1 Nd4 23. Nc3 Qd3+ 24. Bd2 Bh6 25. Qd8+ Kf7 26. Qxe7+ Kxe7 27.
Nd5+ Bxd5 28. Rxd3 exd3 29. Bxh6 Bxg2 30. Re1+ Kf7 31. Re5 Rc8 32. Bg5 Rc2 33.
Re7+ Kf8 34. Rd7 Bf3+ 35. Ke1 Re2+ 36. Kf1 Nc2 37. Rd8+ Kf7 38. Rd7+ Ke6 39.
Re7+ Kd6 40. Re8 Rxe8 41. Bd2 Re2 42. h4 Rxd2 43. Kg1 Rd1+ 44. Kh2 Rh1+ 45. Kg3
Rg1+ 46. Kh2 Rg2+ 47. Kh3 Ne1 48. h5 Bg4+ 49. Kh4 Nf3# 0-1

[Event "ICS rated blitz match"]
[Site "204.178.125.65"]
[Date "2000.02.16"]
[Round "?"]
[White "star"]
[Black "Hossa"]
[Result "1/2-1/2"]
[WhiteElo "2596"]
[BlackElo "2473"]
[PlyCount "232"]

1. e4 e5 2. Nf3 Nc6 3. Bb5 Nf6 4. O-O Bc5 5. c3 O-O 6. d4 Bb6 7. Nxe5 Nxe5 8.
dxe5 Nxe4 9. Nd2 d5 10. Nxe4 dxe4 11. Qxd8 Rxd8 12. Bg5 Rd5 13. Rfd1 Be6 14.
Rxd5 Bxd5 15. Re1 h6 16. Bf4 Rd8 17. Ba4 Bxa2 18. Rxe4 g5 19. Bc1 Kg7 20. Re1
Rd5 21. Bc2 Rd7 22. h4 g4 23. b3 g3 24. Be3 Bxe3 25. Rxe3 gxf2+ 26. Kxf2 c5 27.
Re2 Rd8 28. e6 fxe6 29. Rxe6 Kf7 30. Re5 Kf6 31. Re4 Rd2+ 32. Re2 Rxe2+ 33.
Kxe2 c4 34. b4 Bb3 35. Be4 b6 36. Kd2 a5 37. bxa5 bxa5 38. g4 a4 39. g5+ hxg5
40. hxg5+ Kxg5 41. Kc1 a3 42. Kb1 Kf4 43. Bd5 Ke3 44. Bxc4 Bxc4 45. Ka1 Ke4 46.
Kb1 Kd5 47. Ka1 Kc6 48. Kb1 Kc5 49. Ka1 Kb6 50. Kb1 Kb7 51. Ka1 Kc8 52. Kb1 Kd7
53. Ka1 Ke6 54. Kb1 Kd6 55. Ka1 Kc5 56. Kb1 Kb6 57. Ka1 Kc7 58. Kb1 Kc8 59. Ka1
Kb7 60. Kb1 Kc6 61. Ka1 Kd7 62. Kb1 Ke6 63. Ka1 Kd6 64. Kb1 Kc7 65. Ka1 Kb8 66.
Kb1 a2+ 67. Ka1 Kb7 68. Kb2 Kc6 69. Ka1 Kc7 70. Kb2 Kd7 71. Ka1 Ke6 72. Kb2 Kd5
73. Ka1 Ke4 74. Kb2 Kd3 75. Ka1 Ke3 76. Kb2 Ke4 77. Ka1 Kd5 78. Kb2 Kc5 79. Ka1
Kc6 80. Kb2 Kc7 81. Ka1 Kc8 82. Kb2 Kb7 83. Ka1 Kb6 84. Kb2 Kb5 85. Ka1 Kc5 86.
Kb2 Kd6 87. Ka1 Ke5 88. Kb2 Ke6 89. Ka1 Kf5 90. Kb2 Ke5 91. Ka1 Kf4 92. Kb2 Kf5
93. Ka1 Kf6 94. Kb2 Kg6 95. Ka1 Kg5 96. Kb2 Kg4 97. Ka1 Kf3 98. Kb2 Ke2 99. Ka1
Kd3 100. Kb2 Kd2 101. Ka1 Ke2 102. Kb2 Ke3 103. Ka1 Kf2 104. Kb2 Kg3 105. Ka1
Kg4 106. Kb2 Kh4 107. Ka1 Kh5 108. Kb2 Kg5 109. Ka1 Kg6 110. Kb2 Kh5 111. Ka1
Kh4 112. Kb2 Kh3 113. Ka1 Kg2 114. Kb2 Bb3 115. Ka1 Bc4 116. Kb2 Bb3 1/2-1/2

[Event "ICS rated blitz match"]
[Site "204.178.125.65"]
[Date "2000.02.16"]
[Round "?"]
[White "Hossa"]
[Black "star"]
[Result "0-1"]
[WhiteElo "2478"]
[BlackElo "2591"]
[PlyCount "112"]

1. e4 e5 2. Nf3 Nc6 3. Bb5 Bc5 4. c3 Nf6 5. d4 exd4 6. e5 Ne4 7. O-O d5 8. exd6
O-O 9. dxc7 Qxc7 10. Bd3 Nf6 11. cxd4 Nxd4 12. Nxd4 Bxd4 13. Bxh7+ Nxh7 14.
Qxd4 Rd8 15. Qh4 Bf5 16. Nc3 Qb6 17. Re1 Rac8 18. Qf4 Bd3 19. Re7 Nf6 20. Qf3
Rc6 21. Qe3 Qb4 22. a3 Qb3 23. Qe5 Kf8 24. h3 Rdc8 25. g3 Bf5 26. Bg5 Ng8 27.
Qxf5 Nxe7 28. Bxe7+ Kxe7 29. Rd1 Kf8 30. Qg5 Qe6 31. Qh5 Kg8 32. a4 Rd6 33.
Rxd6 Qxd6 34. Qe2 Qe6 35. Qf3 Qxh3 36. Qxb7 Re8 37. Ne4 f5 38. Qf7+ Kxf7 39.
Ng5+ Ke7 40. Nxh3 Rb8 41. Nf4 Rxb2 42. Nd5+ Kd6 43. Nc3 a5 44. Nb5+ Rxb5 45.
Kg2 Rb4 46. f4 Rxa4 47. Kf3 Ra3+ 48. Kf2 a4 49. Ke1 Rb3 50. Kd1 a3 51. Kc2 Rb6
52. g4 a2 53. gxf5 a1=Q 54. f6 Rb2+ 55. Kc3 Kd5 56. f5 Qa3# 0-1

[Event "ICS Rated standard match"]
[Site "204.178.125.65"]
[Date "2000.02.16"]
[Round "?"]
[White "Hossa"]
[Black "lynx"]
[Result "0-1"]
[WhiteElo "2284"]
[BlackElo "1925"]
[PlyCount "168"]

1. e4 c5 2. Nf3 Nc6 3. d4 cxd4 4. Nxd4 e5 5. Nb5 a6 6. Nd6+ Bxd6 7. Qxd6 Qf6 8.
Qd1 Qg6 9. Nc3 d5 10. Nxd5 Qxe4+ 11. Be3 Nd4 12. Nc7+ Ke7 13. Rc1 Bg4 14. Qd3
Qxd3 15. Bxd3 Rd8 16. h3 Bh5 17. f4 exf4 18. Bxf4 Bg6 19. Be5 Nf6 20. Rf1 Rd7
21. Bxg6 hxg6 22. c4 Rc8 23. Rf4 Nf5 24. Kf2 Rdxc7 25. Bxc7 Rxc7 26. Re1+ Kd7
27. b4 b6 28. g4 Nd6 29. Rd1 Kc6 30. Kf3 Nd7 31. Rc1 Ne5+ 32. Ke3 Re7 33. Kd4
g5 34. Rff1 f6 35. Rfd1 Kb7 36. c5 Nb5+ 37. Ke4 Nc6+ 38. Kf5 Nbd4+ 39. Kg6 Ne2
40. Ra1 Nxb4 41. Rdb1 Nd5 42. Kh7 b5 43. Rb2 Nef4 44. Rd2 f5 45. Rxd5 Nxd5 46.
gxf5 Kc6 47. Rg1 Nf6+ 48. Kg6 Ne4 49. Rc1 Nf2 50. Kxg5 Nxh3+ 51. Kh4 Nf2 52.
Kg5 Nd3 53. Rc3 Nxc5 54. Kf4 Re2 55. a3 Re4+ 56. Kg5 a5 57. Rg3 b4 58. axb4
axb4 59. Kh5 Re7 60. Kg6 b3 61. Rg1 b2 62. Rb1 Nd3 63. Kh7 Kc5 64. Kh8 Kc4 65.
Kg8 Kc3 66. Kf8 Rb7 67. Kg8 Nc1 68. Kh7 Kc2 69. Rxb2+ Kxb2 70. Kg6 Kc3 71. Kh5
Kd4 72. Kg5 Ke5 73. Kg6 Ne2 74. Kg5 Nd4 75. f6 gxf6+ 76. Kg6 f5 77. Kg5 Rg7+
78. Kh4 Ne6 79. Kh5 f4 80. Kh4 f3 81. Kh3 f2 82. Kh4 Kf4 83. Kh5 f1=R 84. Kh4
Rh1# 0-1

[Event "ICS Rated blitz match"]
[Site "204.178.125.65"]
[Date "2000.02.16"]
[Round "?"]
[White "occam"]
[Black "Hossa"]
[Result "0-1"]
[WhiteElo "2338"]
[BlackElo "2467"]
[PlyCount "134"]

1. e4 e5 2. Nf3 Nc6 3. Bb5 Nf6 4. O-O Bc5 5. c3 O-O 6. d4 Bb6 7. Re1 d6 8. Bxc6
bxc6 9. Nbd2 Re8 10. h3 exd4 11. cxd4 c5 12. dxc5 Bxc5 13. Qc2 Bb7 14. a3 a5
15. b3 Qd7 16. Bb2 Qc6 17. Qc3 Qb6 18. Re2 d5 19. Ne5 d4 20. Qg3 Bd6 21. Ndc4
Qb5 22. Nxd6 cxd6 23. Nc4 Nxe4 24. Rxe4 Rxe4 25. Nxd6 Qe2 26. Nf5 g6 27. Bxd4
Qh5 28. Nd6 Rxd4 29. Nxb7 Qd5 30. Qc3 Rd3 31. Qc4 Qe5 32. Rc1 Qb2 33. Nc5 Rd4
34. Qc2 Qxa3 35. Nb7 Qb4 36. Qc5 Rd3 37. Qxb4 axb4 38. Rc7 Rxb3 39. Nd6 Rb1+
40. Kh2 Rf8 41. Re7 Rd1 42. Ne4 Kg7 43. Rb7 Rd4 44. Ng5 Kg8 45. Re7 h6 46. Nf3
Rdd8 47. Rb7 Rb8 48. Rxb8 Rxb8 49. Nd2 Rc8 50. f3 Rc2 51. Nb3 Rc4 52. Kg1 Rc3
53. Nd2 b3 54. Nxb3 Rxb3 55. Kh2 g5 56. Kg1 h5 57. Kf2 Rb2+ 58. Kf1 h4 59. Kg1
f5 60. Kf1 Kf7 61. Kg1 Ke6 62. Kf1 Ke5 63. Kg1 Kf4 64. Kh2 Rf2 65. Kh1 Kg3 66.
Kg1 f4 67. Kh1 Rf1# 0-1

[Event "ICS Rated blitz match"]
[Site "204.178.125.65"]
[Date "2000.02.16"]
[Round "?"]
[White "Hossa"]
[Black "QueenMaxima"]
[Result "1-0"]
[WhiteElo "2477"]
[BlackElo "2363"]
[PlyCount "213"]

1. e4 c5 2. Nf3 d6 3. d4 cxd4 4. Nxd4 Nf6 5. Nc3 a6 6. Bg5 e6 7. f4 b5 8. e5
dxe5 9. fxe5 Qc7 10. exf6 Qe5+ 11. Be2 Qxg5 12. Qd3 Qxf6 13. Rf1 Qe5 14. Rd1
Qc7 15. Bh5 g6 16. Bf3 Ra7 17. Nc6 Nxc6 18. Bxc6+ Bd7 19. Bxd7+ Qxd7 20. Qe3
Qe7 21. Ne4 Bh6 22. Qxh6 Qb4+ 23. Nc3 f5 24. Qe3 Qe7 25. Kf2 b4 26. Ne2 Rc7 27.
Rd2 O-O 28. Kg1 Rfc8 29. Qb3 Kg7 30. Nd4 Rc4 31. Rf4 Kg8 32. Ne2 Rxf4 33. Nxf4
Rc6 34. c4 bxc3 35. bxc3 Kg7 36. Qa4 Qc5+ 37. Qd4+ Qxd4+ 38. cxd4 g5 39. Nd3
Rc4 40. Ne5 Rc1+ 41. Kf2 f4 42. Rb2 Rd1 43. Rb7+ Kg8 44. Ra7 Rxd4 45. Rxa6 Rd2+
46. Kf3 Kg7 47. Rxe6 Rxa2 48. Rb6 Rc2 49. Ra6 Rd2 50. h3 Rc2 51. Rb6 Rc3+ 52.
Kf2 Rc2+ 53. Kg1 Re2 54. Nf3 h6 55. Nd4 Re5 56. Rd6 Ra5 57. h4 gxh4 58. Kh2 h5
59. Ne6+ Kf6 60. Rb6 Ke5 61. Ng5 Kf5 62. Nf3 Rd5 63. Nxh4+ Kg4 64. Ng6 Rg5 65.
Rf6 Rf5 66. Rd6 Rg5 67. Ne7 Rg7 68. Nc6 Rc7 69. Rg6+ Kf5 70. Rh6 Kg5 71. Re6
Rd7 72. Ne5 Kf5 73. Nxd7 Kxe6 74. Nb6 Ke5 75. Nc4+ Kd5 76. Nd2 Kd4 77. Nf3+ Ke4
78. Kh3 Ke3 79. Ng5 Kf2 80. Kh2 Ke3 81. Kg1 Ke2 82. Nf3 Ke3 83. Kf1 Ke4 84. Kf2
Kf5 85. Nd4+ Ke4 86. Ne2 h4 87. Nc3+ Kd4 88. Kf3 Kxc3 89. Kxf4 Kd4 90. Kg5 Ke4
91. Kxh4 Kf5 92. Kh5 Kf6 93. g3 Kg7 94. Kg5 Kf7 95. Kh6 Ke6 96. g4 Ke5 97. g5
Kd5 98. g6 Kd4 99. g7 Ke4 100. g8=Q Ke5 101. Qc4 Kd6 102. Qb5 Ke6 103. Kg7 Kd6
104. Kf7 Kc7 105. Ke7 Kc8 106. Kd6 Kd8 107. Qb8# 1-0

[Event "ICS Rated blitz match"]
[Site "204.178.125.65"]
[Date "2000.02.16"]
[Round "?"]
[White "QueenMaxima"]
[Black "Hossa"]
[Result "0-1"]
[WhiteElo "2352"]
[BlackElo "2488"]
[PlyCount "208"]

1. d4 d5 2. b3 Nf6 3. c4 e6 4. c5 b6 5. Ba3 bxc5 6. dxc5 Ne4 7. Nf3 Nxc5 8. e3
Qf6 9. Qd4 Nbd7 10. Bb5 Rb8 11. Qxf6 gxf6 12. Nc3 Nd3+ 13. Bxd3 Bxa3 14. Nb5
Nc5 15. Ke2 Nxd3 16. Nxa3 Ba6 17. Ne1 Nxe1+ 18. Kxe1 Rg8 19. g3 Kd7 20. Kd2 c5
21. Rhc1 Kd6 22. Rc2 e5 23. Rac1 Rbc8 24. f3 f5 25. Kc3 Rc7 26. Kb2 Rb8 27. Rd1
e4 28. fxe4 fxe4 29. Rc3 Bd3 30. Nc2 Rcb7 31. Rd2 a5 32. Ka3 Rb5 33. Rf2 Ke6
34. g4 d4 35. exd4 Bxc2 36. d5+ Kxd5 37. Rcxc2 e3 38. Rxf7 Re8 39. Rf5+ Kc6 40.
Rf6+ Kc7 41. Rf7+ Kc6 42. Rf1 Re4 43. h3 Rb7 44. Rf6+ Kb5 45. Rf5 Rc7 46. Re2
a4 47. b4 Rxb4 48. Rxe3 Rd4 49. Rf8 Rb7 50. Rc3 Rdd7 51. Ra8 Ra7 52. Rc8 Rdc7
53. Rb8+ Rcb7 54. Rf8 Rf7 55. Rg8 h6 56. Rh8 Rf6 57. Rb8+ Rb6 58. Rxb6+ Kxb6
59. Rf3 Kb5 60. Rf6 Rh7 61. Rd6 h5 62. Rd8 hxg4 63. Rb8+ Kc4 64. hxg4 Rg7 65.
Ra8 Kc3 66. Ra5 Kd4 67. Rxa4+ c4 68. Kb4 Rb7+ 69. Ka3 Rb5 70. Ra7 Kc3 71. Ka4
Rg5 72. Rc7 Rxg4 73. a3 Rg8 74. Kb5 Rb8+ 75. Kc5 Ra8 76. Kb5 Kb3 77. Kc5 Rxa3
78. Kd4 Ra4 79. Re7 Rb4 80. Rc7 Rb8 81. Rc6 Rd8+ 82. Ke4 c3 83. Rb6+ Kc2 84.
Rh6 Kc1 85. Rh7 c2 86. Ke3 Rd5 87. Rh8 Rb5 88. Ke4 Kb1 89. Rc8 Kb2 90. Kd4 c1=Q
91. Rxc1 Kxc1 92. Kd3 Rb4 93. Kc3 Rh4 94. Kd3 Kd1 95. Ke3 Ke1 96. Kd3 Kf2 97.
Kd2 Rh3 98. Kd1 Ke3 99. Kc2 Ke2 100. Kc1 Kd3 101. Kb2 Kd2 102. Kb1 Kc3 103. Ka2
Rh1 104. Ka3 Ra1# 0-1

[Event "ICS Rated blitz match"]
[Site "204.178.125.65"]
[Date "2000.02.16"]
[Round "?"]
[White "Hossa"]
[Black "MissSilicon"]
[Result "0-1"]
[WhiteElo "2498"]
[BlackElo "2675"]
[PlyCount "120"]

1. e4 c5 2. Nf3 e6 3. d4 cxd4 4. Nxd4 Nc6 5. Nc3 a6 6. Be2 Qc7 7. Be3 b5 8.
Nxc6 Qxc6 9. Bf3 Bb4 10. Bd4 Nf6 11. O-O Bb7 12. e5 Nd5 13. Nxd5 exd5 14. c3
Be7 15. Bh5 O-O 16. Qg4 Qe6 17. f4 f5 18. Qd1 d6 19. Qb3 Bh4 20. a4 Bc6 21. a5
dxe5 22. fxe5 f4 23. Rad1 Bd8 24. Qa2 Bh4 25. b3 Be8 26. Qe2 Bxh5 27. Qxh5 Bd8
28. Rd3 Bxa5 29. Rh3 h6 30. Rd3 Bc7 31. Re1 Rf5 32. Qh3 Re8 33. b4 Bxe5 34. Bf2
Rd8 35. Qf3 Rd7 36. Rd2 Kh7 37. Rde2 Qf6 38. Rc2 Rc7 39. Bc5 d4 40. c4 bxc4 41.
Rxc4 g6 42. Rf1 Rh5 43. h3 Qe6 44. Rc2 Rg5 45. Rcf2 Rg3 46. Qe2 d3 47. Qe4 Re3
48. Qa8 Rd7 49. Bxe3 fxe3 50. Rf8 e2 51. Qc8 d2 52. R8f2 d1=Q 53. Qf8 Qb6 54.
Qc5 exf1=Q+ 55. Rxf1 Bd4+ 56. Kh2 Qb8+ 57. Qd6 Qxd6+ 58. g3 Qe2+ 59. Kh1 Qxf1+
60. Kh2 Qg1# 0-1